UM Logo

Influence of patient and therapist agreement and disagreement about their alliance on symptom severity over the course of treatment : (Record no. 20792)

MARC details
000 -LEADER
fixed length control field 01247nam a22002657a 4500
003 - CONTROL NUMBER IDENTIFIER
control field OSt
005 - DATE AND TIME OF LATEST TRANSACTION
control field 20260211085454.0
008 - FIXED-LENGTH DATA ELEMENTS--GENERAL INFORMATION
fixed length control field 240821b ||||| |||| 00| 0 eng d
040 ## - CATALOGING SOURCE
Transcribing agency 0
082 ## - DEWEY DECIMAL CLASSIFICATION NUMBER
Classification number DPer 361.05 J826 January-April 2020 v. 67 n. 1-3
100 ## - MAIN ENTRY--PERSONAL NAME
Personal name Jennissen, Simone.
Relator term author.
9 (RLIN) 58744
245 ## - TITLE STATEMENT
Title Influence of patient and therapist agreement and disagreement about their alliance on symptom severity over the course of treatment :
Remainder of title a response surface analysis /
Statement of responsibility, etc. Simone Jennissen, Christoph Nikendei, Johannes C. Ehrenthal, Henning Schauenburg, and Ulrike Dinger.
260 ## - PUBLICATION, DISTRIBUTION, ETC. (IMPRINT)
Place of publication, distribution, etc. Washington ;
Name of publisher, distributor, etc. American Psychological Association ,
Date of publication, distribution, etc. April 2020.
300 ## - PHYSICAL DESCRIPTION
Extent Volume 67, pages 326-336 :
Other physical details illustration ;
Dimensions 28 cm.
500 ## - GENERAL NOTE
General note Journal of Counseling Psychology, vol. 67, no. 3, pages 326-336, April 2020.
650 #0 - SUBJECT ADDED ENTRY--TOPICAL TERM
Topical term or geographic name as entry element Psychology methods trends.
9 (RLIN) 65378
650 #0 - SUBJECT ADDED ENTRY--TOPICAL TERM
Topical term or geographic name as entry element Professional-patient relations.
9 (RLIN) 65379
650 #0 - SUBJECT ADDED ENTRY--TOPICAL TERM
Topical term or geographic name as entry element Treatment outcome.
9 (RLIN) 65324
700 ## - ADDED ENTRY--PERSONAL NAME
Personal name Jennissen, Simone.
Relator term author.
9 (RLIN) 58744
700 ## - ADDED ENTRY--PERSONAL NAME
Personal name Nikendei, Christoph.
Relator term author.
9 (RLIN) 58745
700 ## - ADDED ENTRY--PERSONAL NAME
Personal name Ehrenthal, Johannes C.
Relator term author.
9 (RLIN) 58746
700 ## - ADDED ENTRY--PERSONAL NAME
Personal name Schauenburg, Henning.
Relator term author.
9 (RLIN) 58747
700 ## - ADDED ENTRY--PERSONAL NAME
Personal name Dinger, Ulrike.
Relator term author.
9 (RLIN) 58748
942 ## - ADDED ENTRY ELEMENTS (KOHA)
Source of classification or shelving scheme Dewey Decimal Classification
Koha item type Periodicals
Holdings
Withdrawn status Lost status Source of classification or shelving scheme Damaged status Not for loan Collection code Home library Current library Date acquired Total Checkouts Full call number Date last seen Price effective from Koha item type Public note
    Dewey Decimal Classification     Periodicals UM Digos College - LIC UM Digos College - LIC 08/21/2024   DPer 361.05 J386 January-April 2020 v. 67 n. 1-3 08/21/2024 08/21/2024 Periodicals Periodical Article